000 00861nam0a22002651 4500
001 rc\3677327
005 20250610094627.0
021 _aRU
_b[71-90443]
035 _a(NLR Aleph) 007844452
090 _a9825841
_c9825841
100 _a20130115d1971 |||y0rusy50 ca
101 0 _arus
102 _aRU
105 _aa z |||c|
200 1 _aГлубокие корни
_e[Очерки]
210 _aУфа
_cБашкнигоиздат
_d1971
215 _a199 с.
_cил.
_d16
320 _aСписок лит.: с. 197-198
606 _aНефтяные месторождения
_xПоиски и разведка
_yСССР
_xИстория
_2psbo
700 1 _aКострин
_bК.В.
_f1901-1974
_gКонстантин Васильевич
801 0 _aRU
_bNLR
_gpsbo
801 1 _aRU
_bELAR
_2rusmarc
852 _aNLR
_j71-2/2552
942 _cBOOK
980 _aNB